000 00404nam a2200157Ia 4500
003 GCL
008 140319s9999 xx 000 0 ara d
040 _aGCL /
_cGCL
082 0 4 _aد
_b050
100 1 _aمحمد فريد
245 1 0 _aجحا فى جانبولاد(اقرا 22) /
_cمحمد فريد
300 _a136
490 _aاقرأ
_v0
650 0 4 _aالقصص العربية
942 _2ddc
_cBK
999 _c48681
_d48681